000 01696nam a2200301Ia 4500
999 _c41512
_d41512
001 8179
003 GE_BSU
005 20240408130632.0
008 181216s2008||||ge |||||||||||||| ||geo||
020 _a100471678082
040 _cGE_BSU
041 _ageo
080 _a577.1(075.8) ბ–69
245 _aბიოქიმია კლინიკური კორელაციებით :
_b[სახელმძღვ.] /
_cრედ. თომას მ. დევლინი ; [პროექტის ხელმძღვ. ნანა სებისკვერაძე ; მთარგმნ. : მაია ბერიძე ; რედ. : გულიკო მარგველანი].
250 _aმე-6 გამოცემა
264 _aთბილისი :
_bთბილისის სახ.სამედიცინო უნ–ტი,
_c2008.
300 _a1208 გვ. ;
_c30 სმ.
500 _aდანართი : გვ. 1121-1132
500 _aტერმინების განმარტება : გვ. 1133-1156
541 _h20ლ.
653 _aბიოქიმია კლინიკური კორელაციებით
653 _aქიმია
700 _aდევლინი, თომას მ.
_eრედაქტორი
_921736
700 _aსებისკვერაძე, ნანა
_eპროექტის ხელმძღვანელო
_96326
700 _aბერიძე, მაია
_eმთარგმნელი
_96319
700 _aმარგველანი, გულიკო
_eრედაქტორი
_921737
942 _cBK
_2udc